| 000 | 01889nam0a2200349 4500 | ||
|---|---|---|---|
| 001 | RU\NLR\BIBL_A\022464389 | ||
| 005 | 20250410113640.0 | ||
| 010 |
_a978-5-00238-099-2 _9500 |
||
| 021 |
_aRU _bКН-П-24-083068 _9КН-П-24-8277 |
||
| 035 | _a(NLR Aleph) 022464389 | ||
| 090 |
_a13365377 _c13365377 |
||
| 100 | _a20250220d2024 k y0rusy50 ca | ||
| 101 | 0 | _arus | |
| 102 | _aRU | ||
| 105 | _aa z 000yy | ||
| 181 | 0 |
_ai _baxxe |
|
| 182 | 0 | _an | |
| 200 | 1 |
_aУправление сельским хозяйством в условиях перехода к новому технологическому укладу _eмонография _fИ. И. Саенко, С. А. Дьяков _gМинистерство сельского хозяйства Российской Федерации, ФГБОУ ВО "Кубанский государственный аграрный университет имени И. Т. Трубилина" |
|
| 203 |
_aТекст _bвизуальный _cнепосредственный |
||
| 210 |
_aКраснодар _cКубГАУ _d2024 |
||
| 215 |
_a125 с. _cил., табл. _d21 |
||
| 320 | _aБиблиогр.: с. 117–124 (71 назв.) | ||
| 606 | 1 |
_aСельское хозяйство _xУправление _yКраснодарский край _92206151 _3RU\NLR\AUTH\661325457 |
|
| 606 | 1 |
_aСельское хозяйство _xИнновационные технологии _yКраснодарский край _92665885 _3RU\NLR\AUTH\6601753912 |
|
| 686 | 1 | _aУ32(2)-21(2Р-4Кр) | |
| 686 | 1 | _aП9(2Р37-4Кр) | |
| 700 | 1 |
_aСаенко _bИ. И. _cканд. экон. наук _gИрина Ивановна _9151574 _3RU\NLR\AUTH\770151612 |
|
| 701 | 1 |
_aДьяков _bС. А. _gСергей Александрович |
|
| 942 | _cBOOK | ||
| 980 | _aNB | ||